000 00731nam a22002057a 4500
999 _c163653
_d163653
005 20190425142841.0
010 _aUR-10038
020 _c230.00
_a9789383239672
035 _aU-8593
037 _bDBAD/PUB
082 _a840.08
100 _aعمر ا ن عا کف خا ن
245 _aنظر ین
_cعمر ا ن عا کف خا ن
246 _bNazrein(Urdu)
_aby Imran Akif Khan
260 _aNew Delhi
_bApplied Books
_c2017
270 _a1739/3,Ground Floor,New kohinoor hotel,Patodi House,Dariya Ganj ,
_bNew Delhi
_e110002
_k011-23266347
_l-
300 _a200 ص
_c22 Cm.(bk)
500 _aدو حصہ
942 _2ddc
_cUR
_h840.08
_mخ ا ن